000 00372nam a2200157Ia 4500
003 Ost
005 20260225132550.0
008 260225s9999||||xx |||||||||||||| ||und||
040 _cfsic
041 _afre
082 _a440
100 _aLéonard Shapiro
_eAuteur
245 0 _aLes origines de l'absolutisme communiste /
245 0 _cLéonard Shapiro
942 _cكتاب
999 _c34095
_d34095